K NIEKTORÝM OTÁZKAM SLOVENSKEJ TEXTILNEJ TERMINOLÓGIE

Podrobná bibliografia
Hlavný autor: VLADO, UHLÁR (Autor)
Médium: Článok
Jazyk:slovenčina

MARC

LEADER 00000nab a22000007a 4500
001 vtls010673654
003 SK-MaSNL
005 20260304184849.0
008 250708s1962 xo |||||||||||||||||slo|
035 |a (urnnbn)urn:nbn:sk:snk:ar-a06ix8 
035 |a (uuid)d6c5bcf8-3e24-482a-a3bf-c9ac43fdfe71 
035 |a urn:nbn:sk:snk-ab19en 
040 |a SNKBUCL  |b slo  |c SNKBUCL  |e AACR2 
041 0 |a slo 
044 |a xo  |c SK 
100 1 |a VLADO, UHLÁR  |4 aut  |9 1517762 
245 1 0 |a K NIEKTORÝM OTÁZKAM SLOVENSKEJ TEXTILNEJ TERMINOLÓGIE  |c Vlado Uhlár 
773 0 |t Československý terminologický časopis : orgán Československej ústrednej terminologickej komisie pri Prezídiu ČSAV  |g Roč. 1, č. 1 (1962), s. 42-55 
850 |a Slovenská národná knižnica 
852 |a Slovenská národná knižnica 
954 |a odborná, vedecká literatúra pôvodná (slovenská)  |2 lita 
958 |a article 
958 |a OND 
958 |a EUIPO 
999 |c 3040177  |d 3042107